| 000 | 00396nam a2200145Ia 4500 | ||
|---|---|---|---|
| 008 | 231129s2009||||xx |||||||||||||| ||spa|| | ||
| 020 | _aISBN 13: 978-958-42- | ||
| 040 | _bspa | ||
| 082 | _a910.4 S387m | ||
| 100 | _aSchultz Patricia | ||
| 245 | 0 | _a1.000 sitios que ver antes de morir | |
| 260 | _c2009 | ||
| 264 | _aEdiciones Martínez Roca | ||
| 942 |
_2ddc _cBKS |
||
| 999 |
_c4140 _d4140 |
||